| 000 | 00478cam a2200181ua 4500 | ||
|---|---|---|---|
| 020 | _c12.00 | ||
| 041 |
_amal _h |
||
| 082 |
_a894.8126 _bNEH/OR |
||
| 100 | _aNehru, Jawaharlal . | ||
| 245 |
_aOrachan makalkayacha kathukal / _cJawaharlal Nehru. _hTextual Documents |
||
| 250 |
_a5 / _b. |
||
| 260 |
_aCalicut : _bMathrubhumi Printing & Publishing Companty Ltd , _c1950. |
||
| 300 | _a105 ; . | ||
| 365 | _a12.00 | ||
| 504 | _a | ||
| 942 | _cBK | ||
| 999 |
_c6617 _d6617 |
||